Open Data Biblioteca Nacional de Portugal


República Portuguesa: Ministério da Cultura
Biblioteca Nacional de Portugal

Catálogo da BNP: acesso por Identificadores Unívocos
Registos Bibliográficos associados ao registo de autoridade

Etiqueta de registo: 00604nam 02200205 04500
001 2227120
003 http://id.bnportugal.gov.pt/bib/catbnp/2227120
100 ## $a20250925f19001905m y0pory01030103ba
101 0# $afre
102 ## $aFR
106 ## $ar
200 1# $a La danseuse de Pompéi
210 #9 $aParis$cArthéme Fayard,$d[1905]
215 ## $a125, [2] p.
225 2# $aModern-bibliothèque$v23
675 ## $a821.133.1-31"18"$vBN$zpor$3558810
700 #1 $aBertheroy,$bJean,$cpseud.$31592158
702 #1 $aOrazi,$bManuel,$f1860-1934$4440$31995559
801 #0 $aPT$bBN$gRPC
966 ## $lBN$mFGMON$sL. 181170 V.$x3
971 ## $cisantos$d20250925
972 ## $e0$z0$d20260413$vlrevez
973 ## $cigoulao$d20260324

OpendataBNP@bnportugal.pt | Mais informação sobre acesso aos dados BNP